00435nam a2200145Ia 4500008004100000100002100041245004100062245002000103260002500123260000900148300002900157440006800186650002200254650001300276200115s9999 xx 000 0 und d aCrouch, Michelle 4aThe essential guide to deeper sleep/ cMichelle Crouch bReader's Digest Asia c2019 aPages 94-97, August 2019 aAsia Reader's Digest: Acts of Kindness Everyone can dov116:678 asleep deprivation asleeping